000 00768nam a2200253Ia 4500
003 OSt
005 20220928113555.0
006 a|||||r|||| 00| 0
007 ta
008 220927b |||||||| |||| 00| 0 eng d
020 _cUSD 150.95
024 _a144355
037 _b106, 12/03/2021, Classic Book Service
_cTextual
040 _aSDCL
_cSDCL
_beng
041 _2eng
_aeng
082 _aX62:8, Q9
100 _aStinsor Perry
_9433914
245 0 _aBank management and financial services
260 _aNew York
_b Clanrye International
_c2019
300 _avii,207p.
_ccm.
650 _aBusiness Economics and Finance
942 _hX62:8, Q9
_cTEXL
_2CC
999 _c750315
_d750315